|
|
|
|
| LEADER |
00000nam0a2200000 4500 |
| 001 |
184265 |
| 005 |
20240202104009.0 |
| 035 |
|
|
|a (RuTPU)RU\TPU\book\199776
|
| 090 |
|
|
|a 184265
|
| 100 |
|
|
|a 20100831d2014 m y0rusy50 ca
|
| 101 |
0 |
|
|a rus
|
| 102 |
|
|
|a RU
|
| 105 |
|
|
|a a j 001zy
|
| 200 |
1 |
|
|a Встраиваемые подсистемы микропроцессорных систем автоматического управления
|e учебное пособие
|f А. Г. Горюнов, Ю. А. Чурсин
|g Национальный исследовательский Томский политехнический университет (ТПУ)
|
| 210 |
|
|
|a Томск
|c Изд-во ТПУ
|d 2014
|
| 215 |
|
|
|a 98 с.
|c ил.
|
| 320 |
|
|
|a Библиогр.: с. 79.
|
| 330 |
|
|
|a В пособии системно изложены теоретические положения, примеры программ и последовательность выполнения лабораторных практикумов по программированию микропроцессорных систем, в том числе для освоения методов, приемов и технологий: разработки технических средств микропроцессорных систем автоматизированного управления технологическими процессами и физическими установками, разработки специального программного обеспечения для микропроцессорных систем управления; программирования микроконтроллеров и средств для создания и отладки программ.Лабораторный практикум ориентирован на формирование профессиональных компетенций студентов, обучающихся по специальности «Электроника и автоматика физических установок» с применением учебно-лабораторных комплексов SDK-1.1 производства ООО «ЛМТ».
|
| 606 |
1 |
|
|a Микропроцессоры
|x Программирование
|x Автоматизация
|2 stltpush
|3 (RuTPU)RU\TPU\subj\43716
|9 63176
|
| 610 |
1 |
|
|a инструментальные средства
|
| 610 |
1 |
|
|a программы
|
| 610 |
1 |
|
|a технологические процессы
|
| 610 |
1 |
|
|a автоматизированное управление
|
| 610 |
1 |
|
|a физические установки
|
| 610 |
1 |
|
|a микропроцессорные системы
|
| 610 |
1 |
|
|a встраиваемые подсистемы
|
| 610 |
1 |
|
|a микроконтроллеры
|
| 610 |
1 |
|
|a учебные пособия
|
| 610 |
1 |
|
|a труды учёных ТПУ
|
| 675 |
|
|
|a 004.31(075.8)
|v 4
|
| 700 |
|
1 |
|a Горюнов
|b А. Г.
|c специалист в области автоматического управления
|c заведующий кафедрой Томского политехнического университета, доктор технических наук
|f 1979-
|g Алексей Германович
|3 (RuTPU)RU\TPU\pers\25726
|9 11628
|
| 701 |
|
1 |
|a Чурсин
|b Ю. А.
|c специалист в области физических установок
|c доцент Томского политехнического университета
|f 1984-
|g Юрий Александрович
|3 (RuTPU)RU\TPU\pers\25742
|
| 712 |
0 |
2 |
|a Национальный исследовательский Томский политехнический университет (ТПУ)
|c (2009- )
|3 (RuTPU)RU\TPU\col\15902
|
| 801 |
|
1 |
|a RU
|b 63413507
|c 20100831
|
| 801 |
|
2 |
|a RU
|b 63413507
|c 20151109
|g RCR
|
| 942 |
|
|
|c BK
|